| 000 | 00575nam a22001937a 4500 | ||
|---|---|---|---|
| 005 | 20250225084404.0 | ||
| 008 | 250225b |||||||| |||| 00| 0 eng d | ||
| 020 | _a9781861529732 | ||
| 050 | _aHD62.4 WAR | ||
| 245 |
_aManaging Across Cultures: _bIssues and Perspectives/ _cEdited by Malcolm Warner and Pat Joynt |
||
| 250 | _a2nd Ed. | ||
| 260 |
_aAustralia _bThomson Learning _c2002 |
||
| 300 |
_axii. 284p. _bill. _c15 cm |
||
| 500 | _aIncludes Index | ||
| 650 | _2Cultures | ||
| 700 | _aWarner Malcolm (ed.) | ||
| 700 | _aJoynt Pat (ed.) | ||
| 942 |
_2lcc _cBK _e2nd Ed. _n0 |
||
| 999 |
_c4281 _d4281 |
||